|
|
|
|
| LEADER |
01186nam a2200253 i 4500 |
| 003 |
GR-PaULI |
| 005 |
20240709133624.0 |
| 008 |
191001s2006 gr a|||g |||| 00| 0 gre d |
| 952 |
|
|
|0 0
|1 0
|2 ddc
|4 0
|6 730_949000000000000_5_ΧΑΛ
|7 0
|9 235694
|a THST
|b THST
|d 2019-10-01
|i 007647
|l 0
|o 730.949 5 ΧΑΛ
|p 025000264411
|r 2019-10-01 00:00:00
|t 1
|v 2019.00
|w 2019-10-01
|y BK15
|
| 999 |
|
|
|c 142781
|d 142781
|
| 040 |
|
|
|a GR-PaULI
|b gre
|c GR-PaULI
|e AACR2
|
| 082 |
0 |
4 |
|2 23
|a 730.949 5
|
| 100 |
1 |
|
|9 178117
|a Κοντελιέρης, Μιχαήλ Μ.
|e συγγραφέας
|
| 245 |
1 |
0 |
|a Γιαννούλης Χαλεπάς /
|c Μιχαήλ Μ. Κοντελιέρης.
|
| 250 |
|
|
|a 2η έκδοση συμπληρωμένη με νέα βιβλιογραφία
|
| 260 |
|
|
|a Αθήνα :
|b Εριννη,
|c 2006.
|
| 300 |
|
|
|a 157 σ. :
|b εικ. ;
|c 25 εκ.
|
| 504 |
|
|
|6 Περιλαμβάνει βιβλιογραφία.
|
| 600 |
1 |
0 |
|a Χαλεπάς, Γιαννούλης,
|d 1851-1938
|9 25796
|
| 650 |
|
4 |
|9 51594
|a Γλύπτες
|z Ελλάδα
|
| 650 |
|
4 |
|a Γλυπτική, Ελληνική
|z
|9 6368
|
| 830 |
|
0 |
|9 178111
|a Χθες-Σήμερα-Αύριο (Εριννη)
|
| 942 |
|
|
|2 ddc
|c BK15
|
| 998 |
|
|
|c ΜΑΝΙΑ
|d 2019-10
|